<?xml version="1.0" encoding="UTF-8"?>
<collection xmlns="http://www.loc.gov/MARC21/slim">
 <record>
  <leader>00735pamaa2200169   4500</leader>
  <controlfield tag="001">0000032963</controlfield>
  <controlfield tag="005">20110104090000.0</controlfield>
  <controlfield tag="008">070426                             eng  </controlfield>
  <datafield tag="020" ind1="0" ind2="0">
   <subfield code="a">[ nil ] </subfield>
  </datafield>
  <datafield tag="090" ind1="0" ind2="0">
   <subfield code="a">PE1065 </subfield>
   <subfield code="b">JES 1993</subfield>
  </datafield>
  <datafield tag="100" ind1="0" ind2="1">
   <subfield code="a">JESSIE PUSHPARANI a/p SAMUEL </subfield>
  </datafield>
  <datafield tag="245" ind1="1" ind2="3">
   <subfield code="a">A study on the use of newspaper materials in the form four KBSM textbooks  </subfield>
   <subfield code="c">Jessie Pushparani a/p Samuel.</subfield>
  </datafield>
  <datafield tag="260" ind1="0" ind2="0">
   <subfield code="a">Bangi: </subfield>
   <subfield code="b">Jabatan Bahasa Inggeris, Universiti Kebangsaan Malaysia, </subfield>
   <subfield code="c">1993.</subfield>
  </datafield>
  <datafield tag="300" ind1=" " ind2=" ">
   <subfield code="a">viii, 77p.: </subfield>
   <subfield code="b">29 cm.</subfield>
  </datafield>
  <datafield tag="502" ind1="0" ind2="0">
   <subfield code="a">Being a dissertation submitted to Jabatan Bahasa Inggeris, Pusat Bahasa as a requirements for comppleting the Degree of B. Arts (Hons) on 1993</subfield>
  </datafield>
  <datafield tag="650" ind1="0" ind2="0">
   <subfield code="a">Dissertations, academic -- </subfield>
   <subfield code="x">Language </subfield>
  </datafield>
  <datafield tag="901" ind1=" " ind2=" ">
   <subfield code="u">http://www.ukm.edu</subfield>
  </datafield>
 </record>
</collection>
